| 000 | 00986cam a2200289 4500 | ||
|---|---|---|---|
| 001 | 30359 | ||
| 003 | BD-RjUL | ||
| 005 | 20211209051543.0 | ||
| 008 | 140409s1972 maua b 001 0 eng | ||
| 020 |
_a0395140021 _a0395140447 (pbk) |
||
| 035 | _a(BD-RjUL)30444 | ||
| 040 |
_aDLC _cDLC _dBD-RjUL _beng |
||
| 041 | _aeng | ||
| 082 | 0 | 0 |
_a327.73 _bJAV 1972 |
| 100 | 1 |
_aJanis, Irving L. _q(Irving Lester), _d1918-1990. _989614 |
|
| 245 | 1 | 0 |
_aVictims of groupthink : _ba psychological study of foreign-policy decisions and fiascoes / _cIrving L. Janis. |
| 260 |
_aBoston : _bHoughton Mifflin, _cc1972. |
||
| 300 |
_aviii, 277 p. : _bill. ; _c23 cm. |
||
| 504 | _aBibliography: p. 253-258. | ||
| 504 | _aIncludes index. | ||
| 650 | 0 |
_aPolicy sciences _xCase studies. _992279 |
|
| 651 | 0 |
_aUnited States _xForeign relations _y1945-1989. _96783 |
|
| 651 | 0 |
_aUnited States _xForeign relations administration. _992280 |
|
| 942 |
_2ddc _cBK |
||
| 999 |
_c30359 _d30359 |
||